<?xml version="1.0" encoding="UTF-8"?>
<record
    xmlns:xsi="http://www.w3.org/2001/XMLSchema-instance"
    xsi:schemaLocation="http://www.loc.gov/MARC21/slim http://www.loc.gov/standards/marcxml/schema/MARC21slim.xsd"
    xmlns="http://www.loc.gov/MARC21/slim">

  <leader>00669nam a2200193 a 4500</leader>
  <datafield tag="999" ind1=" " ind2=" ">
    <subfield code="c">3676</subfield>
    <subfield code="d">3676</subfield>
  </datafield>
  <controlfield tag="001">3676</controlfield>
  <controlfield tag="003">CDMR</controlfield>
  <controlfield tag="005">20220215181740.0</controlfield>
  <controlfield tag="008">130130s2009||||||||||||||||||||||||||||d</controlfield>
  <datafield tag="040" ind1=" " ind2=" ">
    <subfield code="a">CDMR</subfield>
    <subfield code="b">cat</subfield>
    <subfield code="c">CDMR</subfield>
  </datafield>
  <datafield tag="245" ind1="0" ind2="3">
    <subfield code="a">Un pa&#xED;s de revistes</subfield>
    <subfield code="b">: hist&#xF2;ria dels magazins en catal&#xE0;</subfield>
    <subfield code="c">[Carme Ferr&#xE9; Pavia (coordinaci&#xF3;)]</subfield>
  </datafield>
  <datafield tag="260" ind1=" " ind2=" ">
    <subfield code="a">Barcelona: </subfield>
    <subfield code="b">APPEC, </subfield>
    <subfield code="c">2009</subfield>
  </datafield>
  <datafield tag="300" ind1=" " ind2=" ">
    <subfield code="a">169 p&#xE0;gines</subfield>
    <subfield code="b">: il. col.</subfield>
    <subfield code="c">; 26 x 27 cm</subfield>
  </datafield>
  <datafield tag="650" ind1="0" ind2="4">
    <subfield code="9">4401</subfield>
    <subfield code="a">Revistes catalanes</subfield>
    <subfield code="x">Hist&#xF2;ria</subfield>
    <subfield code="y">S. XX</subfield>
  </datafield>
  <datafield tag="650" ind1="0" ind2="4">
    <subfield code="9">1524</subfield>
    <subfield code="a">Premsa</subfield>
    <subfield code="z">Catalunya</subfield>
    <subfield code="x">Hist&#xF2;ria</subfield>
    <subfield code="y">S. XX</subfield>
  </datafield>
  <datafield tag="700" ind1="1" ind2=" ">
    <subfield code="9">1263</subfield>
    <subfield code="a">Ferr&#xE9; Pavia, Carme</subfield>
  </datafield>
  <datafield tag="710" ind1="2" ind2=" ">
    <subfield code="9">1342</subfield>
    <subfield code="a">Associaci&#xF3; de Publicacions Peri&#xF2;diques en Catal&#xE0;</subfield>
  </datafield>
  <datafield tag="942" ind1=" " ind2=" ">
    <subfield code="c">MON</subfield>
    <subfield code="2">udc</subfield>
  </datafield>
  <datafield tag="952" ind1=" " ind2=" ">
    <subfield code="0">0</subfield>
    <subfield code="1">0</subfield>
    <subfield code="4">0</subfield>
    <subfield code="7">0</subfield>
    <subfield code="a">CDMR</subfield>
    <subfield code="b">CDMR</subfield>
    <subfield code="d">2013-01-16</subfield>
    <subfield code="l">0</subfield>
    <subfield code="o">Du 7/2</subfield>
    <subfield code="p">CDMR13108135</subfield>
    <subfield code="r">2013-01-16</subfield>
    <subfield code="w">2013-01-16</subfield>
    <subfield code="y">MON</subfield>
  </datafield>
</record>
